[Event "Liptovsky Mikulas V4 U15 op"]
[Site "Liptovsky Mikulas"]
[Date "2017.06.24"]
[Round "7"]
[White "Lukac, Jakub"]
[Black "Ivanov, Mikhail4444"]
[Result "1/2-1/2"]
[WhiteElo "1367"]
[BlackElo "1311"]
[PlyCount "100"]
[EventDate "2017.06.21"]
[EventType "swiss"]
[EventRounds "9"]
[EventCountry "SVK"]
[SourceTitle "CBM 179 Extra"]
[Source "ChessBase"]
[SourceDate "2017.08.23"]
[SourceVersion "1"]
[SourceVersionDate "2017.08.23"]
[SourceQuality "1"]

1. e4 c5 2. Nf3 d6 3. d4 cxd4 4. Nxd4 Nf6 5. Nc3 a6 6. Bc4 e6 7. 0-0 Nc6 8. Nf3 Be7 9. Bd3 e5 10. Bg5 h6 11. Bd2 h5 12. h3 g5 13. Bxg5 Rg8 14. h4 Nh7 15. Bxe7 Qxe7 16. Nd5 Qd8 17. g3 Bh3 18. Re1 Nf6 19. Ne3 Ke7 20. Ng5 Rg6 21. Nxh3 Qg8 22. Ng5 Nh7 23. Nxh7 Rxg3+ 24. fxg3 Qxg3+ 25. Ng2 Rg8 26. Re2 Nd4 27. Rf2 Qh3 28. Qxh5 Rxg2+ 29. Rxg2 Qe3+ 30. Kf1 Qf4+ 31. Ke1 Qe3+ 32. Re2 Nf3+ 33. Qxf3 Qxf3 34. Kd2 Qf4+ 35. Kc3 Qxh4 36. b4 Qxh7 37. a4 Qh3 38. Kb2 Qc8 39. a5 Qc6 40. Ra3 f6 41. Re1 b6 42. b5 axb5 43. a6 b4 44. Ra2 Qc3+ 45. Kb1 Qxe1+ 46. Kb2 Qc3+ 47. Kb1 Qe1+ 48. Kb2 Qc3+ 49. Kc1 Qe1+ 50. Kb2 Qc3+ 1/2-1/2

[Event "Liptovsky Mikulas V4 U15 op"]
[Site "Liptovsky Mikulas"]
[Date "2017.06.23"]
[Round "6"]
[White "Cieslak, Jessica"]
[Black "Lukac, Jakub"]
[Result "1-0"]
[WhiteElo "1284"]
[BlackElo "1367"]
[PlyCount "29"]
[EventDate "2017.06.21"]
[EventType "swiss"]
[EventRounds "9"]
[EventCountry "SVK"]
[SourceTitle "CBM 179 Extra"]
[Source "ChessBase"]
[SourceDate "2017.08.23"]
[SourceVersion "1"]
[SourceVersionDate "2017.08.23"]
[SourceQuality "1"]

1. e4 e5 2. d4 exd4 3. Nf3 Nc6 4. Bc4 h6 5. 0-0 Bc5 6. c3 d6 7. cxd4 Bb6 8. h3 Nge7 9. Nc3 0-0 10. Be3 Re8 11. Qd2 Ng6 12. Rad1 Ba5 13. Bxh6 gxh6 14. Qxh6 Nce7 15. Ng5 1-0

[Event "SVK-ch U12"]
[Site "Tatralandia"]
[Date "2015.04.21"]
[Round "5"]
[White "Lukac, Jakub"]
[Black "Slivka, David"]
[Result "0-1"]
[WhiteElo "1231"]
[BlackElo "1575"]
[PlyCount "102"]
[EventDate "2015.04.18"]
[EventType "swiss"]
[EventRounds "9"]
[EventCountry "SVK"]
[SourceTitle "CBM 166 Extra"]
[Source "ChessBase"]
[SourceDate "2015.06.18"]
[SourceVersion "1"]
[SourceVersionDate "2015.06.18"]
[SourceQuality "1"]

1. e4 e5 2. Nf3 Nc6 3. Nc3 Nf6 4. Bc4 Nxe4 5. Nxe4 d5 6. Bxd5 Qxd5 7. d3 Be7 8. Nc3 Qd8 9. h3 0-0 10. 0-0 f5 11. Re1 Bf6 12. a3 Be6 13. Bd2 Bf7 14. Rb1 Bh5 15. Qc1 Bxf3 16. gxf3 f4 17. Ne4 Bh4 18. Kf1 Nd4 19. Qd1 Qd7 20. Kg2 Rae8 21. c3 Nc6 22. Rh1 Qxd3 23. Be1 Qxd1 24. Rxd1 Rd8 25. Rc1 b6 26. Kh2 Rd3 27. Kg2 Rfd8 28. Bd2 Na5 29. Rc2 Nb3 30. Rd1 Nc5 31. Nxc5 bxc5 32. b4 c4 33. a4 Kf7 34. a5 c6 35. Rb2 Kf6 36. Rc2 a6 37. Rb2 Kf5 38. Rc2 g5 39. Rb2 h5 40. Ra2 g4 41. hxg4+ hxg4 42. fxg4+ Kxg4 43. Rb2 e4 44. Bxf4 Rxd1 45. Be3 Bg5 46. Re2 Bxe3 47. Rxe3 Kf4 48. Rh3 Rg8+ 49. Rg3 Rxg3+ 50. fxg3+ Kg4 51. Kf2 Rd3 0-1